00493nam a2200181Ia 4500003000400000008004100004040001600045082001700061100001900078245007000097700001900167260006300186300001100249650001300260650001200273650001200285650001400297GCL140319s9999 xx 000 0 eng d aGCL / cGCL04aCCb411bA A1 aAWDE, NICHOLOS10aTHE ARABIC ALPHABET : HOW TO READ AND WRITE IT / cAWDE, NICHOLOS1 aSAMANO, PUTROS a[S.N] : bTHE AMERICAN UNIVERSITY IN CAIRO PRESS ، c1990 a95 P P04aALPHABET04aREADING04aWRITING04aLANGUAGES